000 00582naa a2200181 4500
001 182060
003 ES-MaBCM
005 20241016192722.0
008 110124s2010 gbr|r0p 0 ||eng d
021 _axx
035 _a(OCoLC)1365128791
040 _cES-MaBCM
100 1 _aMacleod, Christopher
_991902
245 1 0 _aTowards a philosophical account of crimes against humanity
_cChristopher Macleod
650 2 7 _aCrimen contra la humanidad
_958187
773 0 _aEn:
_tEuropean journal of international law
_dOxford
_w104820
_gV. 21, no. 2 (May 2010), p. 281-302
942 _cAREV
999 _c182060
_d182060